Nórske kráľovstvo

Charakteristika hospodárskej situácie v Nórsku. Ekonomický rast v r. 1995. 20 najväčších firiem. Podiel jednotlivých odvetví na tvorbe HDP Nórska. Vývoz a dovoz. Vývozný a dovozný režim. Formy zahraničnej spolupráce. Hospodárske vzťahy so SR. Dôležité informácie o cestovaní do Nórska a v Nórsku.

Salvato in:
Dettagli Bibliografici
Autore principale: Augustín, J.
Natura: Capitolo di libro
Lingua:slovacco
Soggetti:
Tags: Aggiungi Tag
Nessun Tag, puoi essere il primo ad aggiungerne!!

MARC

LEADER 00000naa a2200000 4500
001 r022597
005 20230921075309.6
041 0 |a slo 
044 |a SK 
245 1 0 |a Nórske kráľovstvo  |c J. Augustín 
520 |a Charakteristika hospodárskej situácie v Nórsku. Ekonomický rast v r. 1995. 20 najväčších firiem. Podiel jednotlivých odvetví na tvorbe HDP Nórska. Vývoz a dovoz. Vývozný a dovozný režim. Formy zahraničnej spolupráce. Hospodárske vzťahy so SR. Dôležité informácie o cestovaní do Nórska a v Nórsku. 
610 2 0 |a Nórsko 
610 2 0 |a Slovensko 
610 2 0 |a situácia hospodárska 
610 2 0 |a vývoz 
610 2 0 |a dovoz 
610 2 0 |a hospodárstvo národné 
610 2 0 |a podnik 
610 2 0 |a pomoc hospodárska 
610 2 0 |a vývoj hospodársky 
610 2 0 |a 1994-1995 
100 1 |a Augustín, J.